| 000 -ლიდერი |
| ფიქსირებული სიგრძის საკონტროლო ველი |
01061nam a22002537a 4500 |
| 003 - საკონტროლო ნომრის იდენტიფიკატორი |
| საკონტროლო ველი |
Ge_BSU |
| 005 - ბოლო ოპერაციის თარიღი და დრო |
| საკონტროლო ველი |
20231124172105.0 |
| 008 - ფიქსირებული სიგრძის მონაცემთა ელემენტები - ზოგადი ინფორმაცია |
| ფიქსირებული სიგრძის საკონტროლო ველი |
231124s2022 ge ||||| |||| 00| 0 geo d |
| 020 ## - წიგნის საერთაშორისო სტანდარტული ნომერი |
| International Standard Book Number |
9789941848551 |
| 041 ## - ენის კოდი |
| Language code of text/sound track or separate title |
geo |
| 080 ## - უნივერსალური ათობითი კლასიფიკაციის ინდექსი |
| Universal Decimal Classification number |
551.7 ხ-71 |
| 100 ## - მთავარი ჩანაწერი - პიროვნების სახელი |
| Personal name |
ხომერიკი, გურამ |
| 9 (RLIN) |
20481 |
| 245 ## - ცნობა სათაურის შესახებ |
| Title |
ლითოთერაპია / |
| Statement of responsibility, etc |
გურამ ხომერიკი; რედ. კარლო აქიმიძე. |
| 264 ## - წარმოების, გამოცემის, დისტრიბუციის და სხვა ცნობები |
| გამოცემის, წარმოების, დისტრიბუციის... ადგილი |
თბილისი : |
| გამოცემის, წარმოების, დისტრიბუციის... სახელწოდება |
ივერიონი, |
| გამოცემის, წარმოების, დისტრიბუციის... თარიღი |
2022. |
| 300 ## - ფიზიკური აღწერა |
| Extent |
188 გვ.: |
| Other physical details |
ილ.; |
| Dimensions |
21 სმ. |
| 504 ## - BIBLIOGRAPHY, ETC. NOTE |
| Bibliography, etc |
ბიბლიოგრ. გვ. 174-176 |
| 653 ## - INDEX TERM--UNCONTROLLED |
| Uncontrolled term |
მინერალები |
| 653 ## - INDEX TERM--UNCONTROLLED |
| Uncontrolled term |
მინერალების სამკურნალო თვისებები |
| 653 ## - INDEX TERM--UNCONTROLLED |
| Uncontrolled term |
თიხები |
| 653 ## - INDEX TERM--UNCONTROLLED |
| Uncontrolled term |
მარილები |
| 653 ## - INDEX TERM--UNCONTROLLED |
| Uncontrolled term |
გეოლოგია ფერთერაპია |
| 700 ## - ADDED ENTRY--PERSONAL NAME |
| Personal name |
აქიმიძე, კარლო |
| Relator term |
რედაქტორი |
| 9 (RLIN) |
20482 |
| 942 ## - ADDED ENTRY ELEMENTS (KOHA) |
| Source of classification or shelving scheme |
|
| Koha item type |
წიგნი |